000
00217 a2200097 4500
001
24403
100
_a
Ackoff, R.L
245
_a
Fundamentals of operations research
260
_a
_b
Wiley
_c
1968
090
_c
16467
_d
16467
942
_a
NUST-CAE
_c
M
_c
7188
999
_c
259476
_d
259476